Historia de la Republica de Chile. Volumen 2, segunda parte, La búsqueda de un orden republicano 1826-1881 /

Detalles Bibliográficos
Autor principal: Aránguiz Donoso, Horacio (Autor)
Otros Autores: Silva Vargas, Fernando (Editor), Vargas Cariola, Juan Eduardo (Editor)
Formato: Electrónico eBook
Lenguaje:español
Publicado: Santiago, Chile : Ediciones UC, [2019]
Materias:
Acceso en línea:Digitalia Hispánica

MARC

LEADER 00000nam a2200000Ii 4500
001 DIGUCCH0169
003 NyNyDIG
006 m o d
007 cr |||||||||||
008 250714s2019 cl a ob 000 0 spa d
035 |a (OCoLC)1344297556 
040 |a DGITA  |b eng  |e rda  |e pn  |c DGITA 
020 |a 9789561424562  |q edición digital 
020 |z 9789561424555  |q edición impresa 
043 |a s-cl--- 
050 1 4 |a F3083.C45 ebook 
245 0 0 |a Historia de la Republica de Chile.  |n Volumen 2, segunda parte,  |p La búsqueda de un orden republicano 1826-1881 /  |c Fernando Silva Vargas (editor), Juan Eduardo Vargas Cariola (editor) ; Horacio Aránguiz Donoso [and 9 others]. 
246 3 0 |a Búsqueda de un orden republicano 1826-1881 
264 1 |a Santiago, Chile :  |b Ediciones UC,  |c [2019] 
300 |a 1 online resource :  |b illustrations. 
336 |a text  |b txt  |2 rdacontent 
337 |a computer  |b c  |2 rdamedia 
338 |a online resource  |b cr  |2 rdacarrier 
347 |a text file  |2 rdaft 
347 |b EPUB 
504 |a Includes bibliographical references. 
588 0 |a Online resource; title from ePub title page (Digitalia, viewed July 14, 2025) 
651 0 |a Chile  |x History  |y 19th century. 
651 0 |a Chile  |x Politics and government  |y 19th century. 
700 1 |a Silva Vargas, Fernando,  |e editor. 
700 1 |a Vargas Cariola, Juan Eduardo,  |e editor. 
700 1 |a Aránguiz Donoso, Horacio,  |e author. 
776 0 8 |i Print version:  |t Historia de la Republica de Chile. Volumen 2, segunda parte, La búsqueda de un orden republicano 1826-1881.  |d Santiago, Chile : Ediciones UC, [2019]  |z 9789561424555 
791 2 |a Digitalia (Firm),  |e distributor. 
793 0 |g Digitalia eBook Collection:  |a Universidad Católica de Chile 
856 4 0 |3 Digitalia Hispánica  |u https://www.digitaliapublishing.com/a/175467/ 
910 |a Premium collection: 2025